000
00277nam a2200109Ia 4500
008
230320s9999||||xx |||||||||||||| ||spa||
082
_a
301/M43
100
_a
Marril, Francis
245
0
_a
Introduccion A La Sociologia : Sociedad Y Cultura
260
_b
AGUILAR
942
_8
0
_c
LIB
999
_c
27973
_d
27973